The supernatural gospel. (Record no. 2102)

000 -LEADER
fixed length control field 00481nam a2200169 a 4500
001 - CONTROL NUMBER
control field :::00019203$&:&@@
003 - CONTROL NUMBER IDENTIFIER
control field OkBaRHE
005 - DATE AND TIME OF LATEST TRANSACTION
control field 20100327150027.0
008 - FIXED-LENGTH DATA ELEMENTS--GENERAL INFORMATION
fixed length control field j 000 0 eng u
040 ## - CATALOGING SOURCE
Transcribing agency
100 1# - MAIN ENTRY--PERSONAL NAME
Personal name Branham, William
245 14 - TITLE STATEMENT
Title The supernatural gospel.
260 ## - PUBLICATION, DISTRIBUTION, ETC. (IMPRINT)
Name of publisher, distributor, etc A Voice of Healing Publication
300 ## - PHYSICAL DESCRIPTION
Extent 31 p.
942 ## - ADDED ENTRY ELEMENTS (KOHA)
Source of classification or shelving scheme
Koha item type Books
Copies
Permanent Location Copy number Price effective from Lost status Shelving location Withdrawn status Date last seen Full call number Not for loan Source of classification or shelving scheme Koha item type Barcode Date acquired Collection code Damaged status
RHEMA Bible Training College12010-04-14 General Stacks 2010-04-14BX 8764 .Z6 B7  Books192032010-04-14Reference